[Event "Sport Summer 2016"]
[Site "Paracin"]
[Date "2016.07.07"]
[Round "1.1"]
[White "Berkes, Ferenc"]
[Black "Baglan, Esat"]
[Result "1-0"]
[WhiteElo "2640"]
[BlackElo "2246"]
[PlyCount "88"]
[EventDate "2016.??.??"]

1. d4 d5 2. Bf4 Nf6 3. e3 c5 4. Nf3 Nc6 5. Nbd2 cxd4 6. exd4 Bf5 7. c3 e6 8.
Qb3 Qc8 9. Nh4 Bg6 10. Nxg6 hxg6 11. Be2 Be7 12. g3 a6 13. h4 Qd7 14. Kf1 Nh5
15. Be3 g5 16. Kg2 gxh4 17. g4 Nf6 18. g5 Ng8 19. Rh3 Bd6 20. Rah1 Nge7 21.
Rxh4 Rxh4 22. Rxh4 O-O-O 23. Qd1 Nf5 24. Rh7 Nce7 25. Bg4 Bc7 26. Nf3 Nxe3+ 27.
fxe3 Qd6 28. Qe1 Ng6 29. Kf1 Rh8 30. Rxh8+ Nxh8 31. Bh5 Qe7 32. e4 dxe4 33.
Qxe4 Kb8 34. Qh7 Qf8 35. Ke2 f6 36. a4 Ka7 37. gxf6 Qxf6 38. Qxh8 Qf5 39. Qxg7
Bf4 40. Qg6 Qd5 41. Bg4 Qb3 42. Qb1 Qc4+ 43. Kf2 e5 44. dxe5 Qc5+ 1-0

[Event "Sport Summer 2016"]
[Site "Paracin"]
[Date "2016.07.07"]
[Round "1.2"]
[White "Jovanovic, Bojan P"]
[Black "Georgiev, Kiril"]
[Result "0-1"]
[WhiteElo "2246"]
[BlackElo "2613"]
[PlyCount "85"]
[EventDate "2016.??.??"]

1. d4 Nf6 2. c4 e6 3. Nf3 Bb4+ 4. Nbd2 a5 5. g3 b6 6. Bg2 Bb7 7. O-O d5 8. Ne5
O-O 9. Nb1 Be7 10. Qc2 c5 11. dxc5 bxc5 12. cxd5 exd5 13. Rd1 Na6 14. a3 Qc8
15. Nc3 d4 16. Bxb7 Qxb7 17. Na4 Rfe8 18. Nc4 Nc7 19. Bd2 Ne6 20. Qd3 Bf8 21.
Rab1 h6 22. Qf3 Qa6 23. Qd3 Nd7 24. Rdc1 Ng5 25. Bxg5 hxg5 26. Qf3 Rad8 27. Rc2
Nf6 28. Rd1 g4 29. Qd3 Qa8 30. Ncb6 Qc6 31. b4 axb4 32. axb4 Ne4 33. f4 Nc3 34.
Nxc3 dxc3 35. Nd5 cxb4 36. e4 Rc8 37. Qe2 Qe6 38. e5 Red8 39. Qe4 b3 40. Rxc3
Rxd5 41. Rxd5 Rxc3 42. Rb5 Qa6 43. Rb6 0-1

[Event "Sport Summer 2016"]
[Site "Paracin"]
[Date "2016.07.07"]
[Round "1.3"]
[White "Atalik, Suat"]
[Black "Zivic, Dragan"]
[Result "1/2-1/2"]
[WhiteElo "2564"]
[BlackElo "2244"]
[PlyCount "158"]
[EventDate "2016.??.??"]

1. d4 Nf6 2. c4 e5 3. dxe5 Ng4 4. e3 Nxe5 5. Nh3 Bb4+ 6. Bd2 Bxd2+ 7. Qxd2 d6
8. Nf4 O-O 9. Nc3 b6 10. Be2 Nbd7 11. O-O Nf6 12. e4 Re8 13. f3 Bd7 14. b4 a5
15. a3 Bc6 16. Rac1 axb4 17. axb4 Ng6 18. Nd3 Qe7 19. Rc2 Ba4 20. Rb2 Bc6 21.
Rc1 Ra7 22. b5 Bb7 23. Nd5 Bxd5 24. cxd5 Nd7 25. Nb4 Qf6 26. Na6 Nc5 27. g3 Qe5
28. Bf1 Qf6 29. Qc3 Ne5 30. Rf2 h5 31. h4 Qg6 32. Kg2 f5 33. exf5 Qxf5 34. Rd1
Rf8 35. Qe3 Rf7 36. Qg5 g6 37. Qxf5 Rxf5 38. f4 Ned7 39. Re2 Kf8 40. Re3 Rf7
41. Bc4 Nf6 42. Rde1 Ra8 43. R3e2 Re8 44. Rxe8+ Nxe8 45. Nxc5 bxc5 46. Bd3 Rf6
47. Ra1 Kg7 48. Ra8 Rf8 49. Rc8 Kf7 50. Kf3 Kf6 51. Ke2 Rg8 52. Kd2 Ke7 53. Bf1
Rg7 54. Bh3 Kf8 55. Be6 Re7 56. Kd3 Kg7 57. Rd8 Kh7 58. Kc4 Kg7 59. Rb8 Kh7 60.
b6 cxb6 61. Rxb6 Kg7 62. Rb8 Nc7 63. f5 gxf5 64. Bxf5 Kf6 65. Rf8+ Rf7 66.
Rxf7+ Kxf7 67. Be4 Kf6 68. Bf3 Kg6 69. Be2 Ne8 70. Kb5 Nf6 71. Bd3+ Kf7 72. Be2
Ke7 73. Kc6 c4 74. Bxc4 Ne4 75. Bd3 Nxg3 76. Kc7 Nh1 77. Be2 Ng3 78. Bd3 Nh1
79. Kb6 Kf6 1/2-1/2

[Event "Sport Summer 2016"]
[Site "Paracin"]
[Date "2016.07.07"]
[Round "1.4"]
[White "Arsic, Djordje"]
[Black "Kadric, Denis"]
[Result "0-1"]
[WhiteElo "2232"]
[BlackElo "2562"]
[PlyCount "98"]
[EventDate "2016.??.??"]

1. e4 g6 2. d4 Bg7 3. Nf3 d6 4. Nc3 a6 5. a4 Nf6 6. h3 O-O 7. Be3 Nc6 8. Be2 e5
9. dxe5 dxe5 10. O-O Be6 11. Ng5 Bd7 12. Bc4 Qe7 13. Nd5 Nxd5 14. Bxd5 Rad8 15.
c3 h6 16. Nf3 Be6 17. Qb3 Na5 18. Qa2 Bxd5 19. exd5 b6 20. b4 Nb7 21. Qb3 a5
22. Rad1 Qd7 23. bxa5 Nxa5 24. Qb4 Qd6 25. Qh4 g5 26. Qh5 f5 27. Bxg5 hxg5 28.
Nxg5 Qh6 29. Qxh6 Bxh6 30. Ne6 Nc4 31. Nxd8 Rxd8 32. Rfe1 Kf7 33. g4 Kf6 34.
Re2 Bf4 35. f3 Rd6 36. Kf2 c6 37. gxf5 cxd5 38. Rg1 Kxf5 39. Rg8 Kf6 40. h4 Kf7
41. Rg4 Rd8 42. h5 Ra8 43. Rh4 Bh6 44. Kg3 Kf6 45. Rg4 Bg5 46. Re1 Kf5 47. Ra1
Ra7 48. Re1 Bf4+ 49. Kh4 Nd2 0-1

[Event "Sport Summer 2016"]
[Site "Paracin"]
[Date "2016.07.07"]
[Round "1.5"]
[White "Damljanovic, Branko"]
[Black "Cvetkovic, Nemanja"]
[Result "1-0"]
[WhiteElo "2557"]
[BlackElo "2227"]
[PlyCount "57"]
[EventDate "2016.??.??"]

1. c4 e6 2. Nf3 d5 3. d4 Nf6 4. g3 Be7 5. Bg2 O-O 6. O-O dxc4 7. Qc2 a6 8. a4
c5 9. dxc5 Bxc5 10. Qxc4 Qe7 11. Nc3 b5 12. Qh4 b4 13. Ng5 Bb7 14. Nce4 Nbd7
15. Nxc5 Nxc5 16. Nxh7 Bxg2 17. Bg5 Nce4 18. Kxg2 Nxg5 19. Nxg5 Rfd8 20. Rfd1
Qc5 21. e4 Rxd1 22. Rxd1 Qc2 23. Re1 e5 24. Re3 Qxb2 25. g4 Qc2 26. Rh3 Kf8 27.
Qh8+ Ng8 28. Rh7 Ke7 29. Qxg7 1-0

[Event "Sport Summer 2016"]
[Site "Paracin"]
[Date "2016.07.07"]
[Round "1.6"]
[White "Dimitrijevic, Nenad"]
[Black "Savic, Miodrag R"]
[Result "0-1"]
[WhiteElo "2225"]
[BlackElo "2507"]
[PlyCount "137"]
[EventDate "2016.??.??"]

1. e4 d5 2. exd5 Qxd5 3. Nc3 Qa5 4. d4 c6 5. Nf3 Nf6 6. Bc4 Bf5 7. O-O e6 8.
Re1 Bb4 9. Bd2 O-O 10. a3 Bxc3 11. Bxc3 Qc7 12. Bd3 Bxd3 13. Qxd3 Rd8 14. Rad1
Nbd7 15. Qe2 h6 16. h3 a5 17. Bd2 Qb6 18. Bc1 Qa6 19. Qxa6 Rxa6 20. Ne5 a4 21.
Kf1 Nd5 22. Rd3 Raa8 23. Red1 Kf8 24. Ke2 N7b6 25. Rf3 f6 26. Nd3 Nd7 27. Bd2
Kf7 28. Bc1 Rac8 29. Ne5+ Ke7 30. Nxd7 Rxd7 31. Rg3 Kf7 32. c4 Ne7 33. Rgd3
Rcd8 34. Be3 b5 35. cxb5 cxb5 36. g4 Rc8 37. Rc1 Rxc1 38. Bxc1 Nd5 39. Be3 Rc7
40. Rd1 Rc2+ 41. Rd2 Rc4 42. Kd3 f5 43. Rc2 Rxc2 44. Kxc2 Kg6 45. Kd3 h5 46.
gxf5+ Kxf5 47. h4 Kg4 48. Bg5 Kf3 49. Bd8 Nf4+ 50. Kc3 Kxf2 51. Kb4 Nd3+ 52.
Kxb5 Nxb2 53. Kb4 Ke3 54. Kc3 Nd1+ 55. Kc4 Ke4 56. Bb6 Nb2+ 57. Kc5 g6 58. Kb5
Kd5 59. Kb4 Kc6 60. Bd8 Kd5 61. Bb6 Ke4 62. Ba7 Kf5 63. Bb6 g5 64. hxg5 h4 65.
g6 Kxg6 66. Kc3 Nd1+ 67. Kb4 Ne3 68. Kxa4 e5 69. d5 0-1

[Event "Sport Summer 2016"]
[Site "Paracin"]
[Date "2016.07.07"]
[Round "1.7"]
[White "Kosic, Dragan"]
[Black "Chekletsov, Ilya"]
[Result "1/2-1/2"]
[WhiteElo "2504"]
[BlackElo "2223"]
[PlyCount "61"]
[EventDate "2016.??.??"]

1. d4 Nf6 2. Nf3 e6 3. Bg5 d5 4. e3 Be7 5. Nbd2 O-O 6. Bd3 c5 7. c3 b6 8. Ne5
Nfd7 9. Bf4 Nxe5 10. dxe5 f5 11. h4 Nc6 12. Qf3 Qc7 13. Qg3 c4 14. Bc2 b5 15.
a3 a5 16. Nf3 Bd7 17. O-O Be8 18. Ng5 Qc8 19. Bd1 Kh8 20. Qh3 Ra7 21. g4 Bxg5
22. hxg5 Bg6 23. Kg2 Raf7 24. Rh1 Kg8 25. Rh2 Rb7 26. Bf3 Ne7 27. gxf5 Bxf5 28.
Qh4 Bg6 29. Qh3 Bf5 30. Qh4 Bg6 31. Qh3 1/2-1/2

[Event "Sport Summer 2016"]
[Site "Paracin"]
[Date "2016.07.07"]
[Round "1.8"]
[White "Perovic, Zivojin"]
[Black "Fang, Yuxiang"]
[Result "0-1"]
[WhiteElo "2219"]
[BlackElo "2494"]
[PlyCount "52"]
[EventDate "2016.??.??"]

1. e4 e6 2. d3 d5 3. Nd2 Nf6 4. Ngf3 c5 5. g3 Nc6 6. Bg2 Be7 7. O-O O-O 8. Re1
b5 9. exd5 exd5 10. a4 b4 11. d4 Bg4 12. dxc5 Bxc5 13. Nb3 Be7 14. Nbd4 Nxd4
15. Qxd4 Ne4 16. Qd3 Bf6 17. Nd4 Nc5 18. Qe3 Qd7 19. Bd2 Rfe8 20. Qf4 Ne4 21.
Bxe4 dxe4 22. c3 Bxd4 23. cxd4 Bf3 24. Re3 a5 25. b3 Qxd4 26. Ra2 Qd5 0-1

[Event "Sport Summer 2016"]
[Site "Paracin"]
[Date "2016.07.07"]
[Round "1.9"]
[White "Zajic, Milan"]
[Black "Injac, Teodora"]
[Result "1-0"]
[WhiteElo "2481"]
[BlackElo "2215"]
[PlyCount "99"]
[EventDate "2016.??.??"]

1. d4 Nf6 2. Bg5 e6 3. Nf3 c5 4. e3 cxd4 5. exd4 Be7 6. Bd3 b6 7. O-O Bb7 8.
Re1 O-O 9. Nbd2 d6 10. a4 a6 11. c3 Nbd7 12. Nc4 Qc7 13. Ne3 Rfe8 14. Bh4 Bc6
15. Bf1 Qb7 16. Nd2 b5 17. axb5 axb5 18. Qb3 Ra6 19. Nc2 Rxa1 20. Rxa1 Qb6 21.
Nb1 Rb8 22. Nb4 Bd5 23. Nxd5 Nxd5 24. Bg3 h5 25. f3 Ne3 26. Bd3 b4 27. Bf2 Bg5
28. Qa4 Nf8 29. Qa5 Qxa5 30. Rxa5 d5 31. c4 Bh6 32. c5 b3 33. Bg3 Rc8 34. Rb5
Nc2 35. Bf2 Na1 36. Ra5 Nc2 37. Rb5 Na1 38. Ra5 Nc2 39. Ba6 Rc6 40. Bb7 Rc7 41.
Rb5 Be3 42. Bxe3 Nxe3 43. Nd2 e5 44. dxe5 Ne6 45. Nxb3 d4 46. Be4 Nc4 47. Nxd4
Rxc5 48. Rb8+ Nf8 49. Nc6 g6 50. b4 1-0

[Event "Sport Summer 2016"]
[Site "Paracin"]
[Date "2016.07.07"]
[Round "1.10"]
[White "Kisic, Bozidar"]
[Black "Kasparov, Sergey"]
[Result "0-1"]
[WhiteElo "2215"]
[BlackElo "2470"]
[PlyCount "112"]
[EventDate "2016.??.??"]

1. d4 c5 2. d5 Nf6 3. c4 b5 4. cxb5 a6 5. f3 axb5 6. e4 Qa5+ 7. Bd2 b4 8. Na3
d6 9. Nc4 Qd8 10. a3 e6 11. axb4 Rxa1 12. Qxa1 exd5 13. exd5 Nxd5 14. Qa8 Be6
15. bxc5 dxc5 16. Ba5 Qc8 17. Ne5 Bd6 18. Bb5+ Ke7 19. Qa7+ Nd7 20. Nxd7 Bxd7
21. Ne2 Bb8 22. Qxd7+ Qxd7 23. Bxd7 Kxd7 24. Kd2 Kc6 25. g3 Be5 26. Bc3 Bxc3+
27. Nxc3 Rb8 28. Nxd5 Kxd5 29. Kc2 Re8 30. Rd1+ Kc6 31. Rd2 g5 32. Rf2 f5 33.
f4 g4 34. h3 h5 35. hxg4 hxg4 36. Rh2 Kd5 37. Rd2+ Kc4 38. b3+ Kb4 39. Rd5 Re3
40. Rxf5 Rc3+ 41. Kd2 Rxb3 42. Rg5 Rxg3 43. f5 c4 44. Rg8 Rd3+ 45. Kc2 Rf3 46.
Rxg4 Rf2+ 47. Kc1 Kb3 48. Rg8 Rxf5 49. Rb8+ Kc3 50. Kb1 Rf1+ 51. Ka2 Kc2 52.
Rc8 c3 53. Rh8 Kc1 54. Kb3 c2 55. Rc8 Rf2 56. Kc3 Rf3+ 0-1

[Event "Sport Summer 2016"]
[Site "Paracin"]
[Date "2016.07.07"]
[Round "1.11"]
[White "Lajthajm, Borko"]
[Black "Stefanov, Emil"]
[Result "1/2-1/2"]
[WhiteElo "2433"]
[BlackElo "2215"]
[PlyCount "57"]
[EventDate "2016.??.??"]

1. d4 Nf6 2. c4 c5 3. e3 e6 4. Nf3 d5 5. cxd5 exd5 6. Nc3 Nc6 7. Be2 a6 8. O-O
Bd6 9. dxc5 Bxc5 10. Nd4 O-O 11. Nxc6 bxc6 12. Qc2 Bd6 13. Rd1 Qe7 14. Qa4 Bd7
15. Qh4 Rfd8 16. b3 a5 17. Bb2 Rab8 18. Na4 Rb4 19. Bxf6 gxf6 20. Qh5 f5 21. g3
Kh8 22. Rd4 Rxd4 23. exd4 Rg8 24. Nc5 Bc8 25. Qh6 Bxc5 26. dxc5 Qxe2 27. Qf6+
Rg7 28. Qd8+ Rg8 29. Qf6+ 1/2-1/2

[Event "Sport Summer 2016"]
[Site "Paracin"]
[Date "2016.07.07"]
[Round "1.12"]
[White "Tisma, Ivan"]
[Black "Cabarkapa, Novak"]
[Result "1/2-1/2"]
[WhiteElo "2212"]
[BlackElo "2424"]
[PlyCount "58"]
[EventDate "2016.??.??"]

1. Nf3 Nf6 2. g3 g6 3. Bg2 Bg7 4. O-O O-O 5. d4 d6 6. b3 e5 7. dxe5 Ng4 8. Bb2
Nc6 9. Nbd2 Ngxe5 10. Nxe5 Nxe5 11. Qc1 c6 12. Nf3 Re8 13. Nxe5 Bxe5 14. Bxe5
Rxe5 15. e4 f5 16. exf5 Bxf5 17. c4 Qe7 18. Qd2 Re8 19. a4 Re2 20. Qd4 a5 21.
Bf3 Bh3 22. Bg2 Bxg2 23. Kxg2 Rf8 24. Rad1 Qf7 25. Kg1 c5 26. Qxd6 Rxf2 27.
Qxf8+ Qxf8 28. Rxf2 Qe7 29. Rf3 Qe4 1/2-1/2

[Event "Sport Summer 2016"]
[Site "Paracin"]
[Date "2016.07.07"]
[Round "1.13"]
[White "Abramovic, Bosko"]
[Black "Trifunovic, Miroljub"]
[Result "1-0"]
[WhiteElo "2422"]
[BlackElo "2209"]
[PlyCount "107"]
[EventDate "2016.??.??"]

1. Nf3 d5 2. g3 Nf6 3. Bg2 g6 4. O-O Bg7 5. c4 c6 6. cxd5 cxd5 7. d4 O-O 8. Nc3
Nc6 9. Ne5 Nxe5 10. dxe5 Ng4 11. Nxd5 Nxe5 12. Bg5 Nc6 13. Nxe7+ Nxe7 14. Qxd8
Rxd8 15. Bxe7 Re8 16. Ba3 Rxe2 17. Bf3 Re8 18. Rac1 Bf8 19. Rc7 Rb8 20. Bxf8
Kxf8 21. Rfc1 a5 22. b3 b6 23. Bd5 Be6 24. Bxe6 Rxe6 25. Rd7 Rbe8 26. Rcc7 Rf6
27. Rd2 h5 28. Kg2 Re7 29. Rd8+ Re8 30. Rxe8+ Kxe8 31. Rb7 Kf8 32. a3 Kg7 33.
h4 Kf8 34. Kf1 Re6 35. Kg2 Rf6 36. Kf1 Re6 37. b4 axb4 38. axb4 Kg7 39. f3 Kf8
40. Kf2 Ke8 41. b5 Kf8 42. g4 hxg4 43. fxg4 Kg7 44. Kf3 Kf8 45. Kf4 Kg7 46. Rb8
Kf6 47. Rc8 Ke7 48. Rc7+ Ke8 49. Rc6 g5+ 50. Kxg5 Re5+ 51. Kf6 Rxb5 52. h5 Rb1
53. h6 Rf1+ 54. Kg5 1-0

[Event "Sport Summer 2016"]
[Site "Paracin"]
[Date "2016.07.07"]
[Round "1.14"]
[White "Jovanovic, Sasa T"]
[Black "Djordjevic, Vuk"]
[Result "0-1"]
[WhiteElo "2194"]
[BlackElo "2415"]
[PlyCount "60"]
[EventDate "2016.??.??"]

1. d4 Nf6 2. c4 e6 3. Nc3 Bb4 4. g3 O-O 5. Bg2 d5 6. Nf3 c6 7. O-O Nbd7 8. Qb3
a5 9. a3 Bd6 10. Bf4 a4 11. Qc2 Bxf4 12. gxf4 dxc4 13. Nxa4 b5 14. Nc3 Qb6 15.
b3 cxb3 16. Qxb3 Nd5 17. e3 Nxc3 18. Qxc3 Bb7 19. Ne5 Nxe5 20. fxe5 Ra4 21.
Rfb1 Rfa8 22. Be4 Qd8 23. Rb3 Qg5+ 24. Kh1 Qe7 25. Rc1 Rxa3 26. Bxc6 Rxb3 27.
Qxb3 Bxc6+ 28. Rxc6 Ra1+ 29. Kg2 Qg5+ 30. Kf3 Qh5+ 0-1

[Event "Sport Summer 2016"]
[Site "Paracin"]
[Date "2016.07.07"]
[Round "1.15"]
[White "Dimitrov, Vladimir"]
[Black "Banovic, Ivan"]
[Result "0-1"]
[WhiteElo "2413"]
[BlackElo "2194"]
[PlyCount "108"]
[EventDate "2016.??.??"]

1. d4 Nf6 2. c4 g6 3. Nc3 Bg7 4. e4 d6 5. h3 O-O 6. Be3 e5 7. d5 a5 8. g4 Na6
9. Bd3 c6 10. Nge2 cxd5 11. exd5 Nd7 12. Ng3 Ndc5 13. Bc2 f5 14. gxf5 gxf5 15.
Nh5 f4 16. Bxc5 Nxc5 17. Nxg7 Kxg7 18. Qh5 e4 19. Rg1+ Kh8 20. O-O-O Bf5 21.
Qh6 Qf6 22. Qxf4 Bxh3 23. Qxf6+ Rxf6 24. Nxe4 Nxe4 25. Bxe4 Rxf2 26. Bxh7 Kxh7
27. Rd4 Rf1+ 28. Rxf1 Bxf1 29. Rf4 Bd3 30. Kd2 Bg6 31. Rf6 Rd8 32. a3 a4 33.
Kc3 Kg7 34. Re6 Kf7 35. Kb4 Bf5 36. Rh6 Kg7 37. Rh4 Bc2 38. Kb5 Bb3 39. Re4 Rc8
40. Re7+ Kf8 41. Rxb7 Rc5+ 42. Kb6 Bxc4 43. Rd7 Rxd5 44. Kc6 Rd2 45. Rxd6 Rxb2
46. Rd4 Bb3 47. Kc5 Ke7 48. Rh4 Ke6 49. Rf4 Ra2 50. Kb4 Kd5 51. Rf8 Kd4 52.
Rd8+ Ke3 53. Rd6 Rd2 54. Rc6 Rd3 0-1

[Event "Sport Summer 2016"]
[Site "Paracin"]
[Date "2016.07.07"]
[Round "1.16"]
[White "Milosevic, Milos"]
[Black "Ratkovic, Miloje"]
[Result "0-1"]
[WhiteElo "2192"]
[BlackElo "2404"]
[PlyCount "92"]
[EventDate "2016.??.??"]

1. Nf3 d5 2. c4 c6 3. d4 Nf6 4. e3 Bf5 5. Nc3 e6 6. Be2 Nbd7 7. O-O h6 8. b3
Be7 9. Bb2 O-O 10. h3 a5 11. Ne5 Nxe5 12. dxe5 Nd7 13. cxd5 cxd5 14. Nb5 Nc5
15. Rc1 Ne4 16. Bd4 Rc8 17. Rxc8 Qxc8 18. Qc1 Bh4 19. Qb2 Qd8 20. Nd6 Nxd6 21.
exd6 Qxd6 22. Bxg7 Rc8 23. Qd4 Qb4 24. Qe5 Kh7 25. Bf6 Rg8 26. Kh2 Qe4 27. Bf3
Qxe5+ 28. Bxe5 Rc8 29. g3 Be7 30. Re1 Bb4 31. Re2 Bd3 32. Rb2 f6 33. Bd4 e5 34.
Bb6 Bc3 35. Re2 Kg6 36. e4 Bxe2 37. Bxe2 dxe4 38. Bc4 Rc6 39. Be3 f5 40. Bd5
Rd6 41. Bxb7 Bd4 42. Bd2 Bxf2 43. Bxa5 Bb6 44. Bb4 Rd7 45. Bc6 Rc7 46. Be8+ Kf6
0-1

[Event "Sport Summer 2016"]
[Site "Paracin"]
[Date "2016.07.07"]
[Round "1.17"]
[White "Obodchuk, Andrei"]
[Black "Djokic, Slavoljub"]
[Result "0-1"]
[WhiteElo "2395"]
[BlackElo "2167"]
[PlyCount "132"]
[EventDate "2016.??.??"]

1. d4 c5 2. e4 cxd4 3. Nf3 d6 4. Nxd4 Nf6 5. Nc3 a6 6. h3 e5 7. Nde2 Be7 8. g4
Be6 9. Bg2 O-O 10. Ng3 Nc6 11. O-O Rc8 12. Nf5 b5 13. Be3 b4 14. Nd5 Nxd5 15.
exd5 Bxf5 16. gxf5 Nd4 17. Be4 Bf6 18. a3 a5 19. axb4 axb4 20. Ra4 Rb8 21. Qd3
Qd7 22. Rfa1 Rfc8 23. Ra7 Qd8 24. Qd1 Rc7 25. Kg2 Rbc8 26. Rxc7 Rxc7 27. Qd2
Rb7 28. Ra4 Qb8 29. f4 Qe8 30. fxe5 Qxa4 31. exf6 Nb5 32. Qe2 b3 33. c4 g6 34.
Qg4 Qxc4 35. fxg6 hxg6 36. Qf4 Qe2+ 37. Bf2 Qxb2 38. Qg4 Rc7 39. Bxg6 Qxf6 40.
Bd3+ Qg7 41. Qxg7+ Kxg7 42. Bxb5 f6 43. Bd3 Rc1 44. Be4 b2 45. Bg3 b1=Q 46.
Bxb1 Rxb1 47. Bxd6 Rd1 48. Bg3 Rxd5 49. Kf3 Kg6 50. Bf2 Kf5 51. Be3 Rd1 52. Bf2
Kg5 53. Kg2 Kf4 54. Bg3+ Ke4 55. Bf2 Rd2 56. Kg3 f5 57. Kg2 f4 58. h4 Rd7 59.
Bc5 Rg7+ 60. Kh3 Rg3+ 61. Kh2 Kf3 62. Bb6 Kg4 63. Bf2 Rb3 64. Kg2 Rb2 65. Kf1
Kf3 66. Be1 Rb1 0-1

[Event "Sport Summer 2016"]
[Site "Paracin"]
[Date "2016.07.07"]
[Round "1.18"]
[White "Kuzmanovic, Slobodan"]
[Black "Radovanovic, Nikola"]
[Result "1/2-1/2"]
[WhiteElo "2161"]
[BlackElo "2392"]
[PlyCount "42"]
[EventDate "2016.??.??"]

1. e4 c5 2. Nf3 e6 3. d4 cxd4 4. Nxd4 Nf6 5. Nc3 d6 6. Bc4 a6 7. Bb3 Nbd7 8. f4
Nc5 9. O-O Be7 10. e5 dxe5 11. fxe5 Nfd7 12. Qh5 Nf6 13. Qd1 Nfd7 14. Qh5 g6
15. Qe2 Bg5 16. Nf3 Bxc1 17. Raxc1 b5 18. Ne4 Nxe4 19. Qxe4 Qb6+ 20. Kh1 Bb7
21. Qf4 O-O-O 1/2-1/2

[Event "Sport Summer 2016"]
[Site "Paracin"]
[Date "2016.07.07"]
[Round "1.19"]
[White "Marjanovic, Dejan"]
[Black "Ivic, Matija"]
[Result "1/2-1/2"]
[WhiteElo "2392"]
[BlackElo "2160"]
[PlyCount "61"]
[EventDate "2016.??.??"]

1. Nf3 Nf6 2. c4 g6 3. b3 Bg7 4. Bb2 c5 5. g3 Nc6 6. Bg2 O-O 7. O-O d6 8. d4
cxd4 9. Nxd4 Bd7 10. Nc3 Qa5 11. e3 Rfc8 12. h3 Rab8 13. Qe2 a6 14. a3 Qb6 15.
Na4 Qc7 16. Nc3 Qb6 17. Na4 Qc7 18. Nc3 Qb6 19. Qd1 Na5 20. Nd5 Nxd5 21. cxd5
Nxb3 22. Rb1 Nxd4 23. Bxd4 Qa5 24. Ba7 Bb5 25. Bxb8 Bxf1 26. Bxf1 Rxb8 27. a4
Bf6 28. Qb3 Kg7 29. Qb6 Qxb6 30. Rxb6 a5 31. Ba6 1/2-1/2

[Event "Sport Summer 2016"]
[Site "Paracin"]
[Date "2016.07.07"]
[Round "1.20"]
[White "Raykov, Stefan"]
[Black "Nestorovic, Dejan"]
[Result "1-0"]
[WhiteElo "2155"]
[BlackElo "2387"]
[PlyCount "149"]
[EventDate "2016.??.??"]

1. e4 c5 2. Nf3 e6 3. d4 cxd4 4. Nxd4 Bc5 5. Nb3 Bb6 6. Be2 Ne7 7. Nc3 O-O 8.
Bf4 f5 9. Bd6 Bc7 10. e5 Bxd6 11. Qxd6 Ng6 12. g3 f4 13. Bd3 Qg5 14. Bxg6 hxg6
15. Ne2 f3 16. Nf4 Nc6 17. Nd3 b6 18. h4 Qh6 19. g4 g5 20. h5 Rf7 21. O-O-O Ba6
22. Nb4 Nxb4 23. Qxb4 Bb7 24. Rd4 Bc6 25. Nd2 Raf8 26. Qa3 Rf4 27. Rxf4 Rxf4
28. Qxa7 Rxg4 29. Qxb6 Ra4 30. Qe3 Rxa2 31. Kb1 Ra4 32. Rg1 Rf4 33. Qb6 Kh7 34.
Qd8 Rf5 35. Qe8 Rxe5 36. Nc4 Rd5 37. Ne3 Qf6 38. Nxd5 Bxd5 39. Qxd7 Qd4 40. Qf7
Qe4 41. b3 Kh6 42. Qe8 Kh7 43. Qf7 Kh6 44. Qg6+ Qxg6 45. hxg6 Kxg6 46. c4 Be4+
47. Kc1 Kf5 48. Kd2 Kf4 49. b4 g4 50. b5 e5 51. c5 g5 52. c6 Bd5 53. c7 Bb7 54.
Kd3 Be4+ 55. Kc3 Bb7 56. b6 e4 57. Kd4 Bc8 58. Re1 e3 59. Rxe3 g3 60. Re4+ Kf5
61. Re5+ Kg4 62. Re1 gxf2 63. Rf1 Kf4 64. Rxf2 g4 65. Rb2 Bb7 66. c8=Q Bxc8 67.
b7 Bxb7 68. Rxb7 g3 69. Rf7+ Kg4 70. Ke3 f2 71. Ke2 Kh4 72. Kf1 Kh3 73. Rh7+
Kg4 74. Kg2 Kf4 75. Rg7 1-0

[Event "International Championship of Central S"]
[Site "Paracin, hotel "]
[Date "2016.07.07"]
[Round "1.21"]
[White "Ratkovic, Milovan"]
[Black "Ererdem, Gani Eren"]
[Result "1-0"]
[WhiteElo "2382"]
[BlackElo "2151"]
[PlyCount "107"]
[EventDate "2016.07.07"]

1. d4 Nf6 2. c4 e6 3. Nc3 Bb4 4. e3 b6 5. Nge2 Bb7 6. a3 Be7 7. d5 O-O 8. g3 b5
9. Bg2 bxc4 10. O-O exd5 11. Nxd5 c6 12. Nxe7+ Qxe7 13. Nd4 d5 14. Bd2 c5 15.
Nf5 Qe5 16. g4 Ne4 17. Be1 c3 18. bxc3 Nc6 19. c4 dxc4 20. Rb1 Nd8 21. Qd7 Rb8
22. Qe7 Nc6 23. Qxe5 Nxe5 24. Rxb7 Rxb7 25. Bxe4 Rb3 26. f3 Rxa3 27. Bg3 f6 28.
g5 Rd8 29. gxf6 gxf6 30. Bxe5 fxe5 31. Bd5+ Kf8 32. Bxc4 Rd2 33. Rb1 Ke8 34.
Be6 Kd8 35. Rc1 a5 36. Ng3 a4 37. Ne4 Rb2 38. Nxc5 Rxe3 39. Nxa4 Rd2 40. Nc3
Rxf3 41. Nd5 Rxd5 42. Bxd5 Rf5 43. Be4 Rf7 44. Rc5 Ke7 45. Rxe5+ Kf6 46. Rh5
Rg7+ 47. Kf2 Rf7 48. Bxh7 Kg7+ 49. Kg3 Rf6 50. Be4 Re6 51. Rh4 Rh6 52. Rg4+ Kh8
53. h4 Rh5 54. Rf4 1-0

[Event "International Championship of Central S"]
[Site "Paracin, hotel "]
[Date "2016.07.07"]
[Round "1.22"]
[White "Jovanovic, Aleksandar D"]
[Black "Becker, Marcel"]
[Result "0-1"]
[WhiteElo "2148"]
[BlackElo "2380"]
[PlyCount "45"]
[EventDate "2016.07.07"]

1. d4 d5 2. c4 c6 3. e3 Nf6 4. Nc3 Bf5 5. Nf3 e6 6. Be2 Nbd7 7. Nh4 Bg6 8. Qb3
Qc7 9. Nxg6 hxg6 10. g3 Nb6 11. cxd5 exd5 12. O-O Bd6 13. Bd2 Qd7 14. Rfe1 Qh3
15. Bf3 Qxh2+ 16. Kf1 Bxg3 17. fxg3 Qxg3 18. Qd1 Rh2 19. Qe2 Ng4 20. Bg2 Nc4
21. Bc1 Rxg2 22. Qxg2 Nh2+ 23. Qxh2 0-1

[Event "International Championship of Central S"]
[Site "Paracin, hotel "]
[Date "2016.07.07"]
[Round "1.23"]
[White "Atakisi, Umut"]
[Black "Kasparova, Tatiana"]
[Result "1-0"]
[WhiteElo "2378"]
[BlackElo "2141"]
[PlyCount "97"]
[EventDate "2016.07.07"]

1. Nf3 Nf6 2. c4 c5 3. Nc3 b6 4. g3 Bb7 5. Bg2 e6 6. O-O Be7 7. b3 O-O 8. Bb2
d6 9. d4 cxd4 10. Nxd4 Bxg2 11. Kxg2 Qc8 12. e3 Nbd7 13. f4 Qb7+ 14. Qf3 Qxf3+
15. Kxf3 Rfc8 16. Rfd1 a6 17. g4 g6 18. g5 Ne8 19. h4 Ng7 20. e4 f6 21. Kg4 Kf7
22. Rf1 f5+ 23. exf5 Nxf5 24. Nxf5 gxf5+ 25. Kf3 b5 26. cxb5 axb5 27. Nxb5 Rc2
28. Rf2 Rac8 29. Nd4 Rxf2+ 30. Kxf2 e5 31. Ne2 Rc2 32. Ba3 exf4 33. Bc1 d5 34.
Bxf4 Ba3 35. Kf3 Nc5 36. Rd1 Rxa2 37. Rxd5 Nxb3 38. Rxf5+ Kg8 39. Rb5 Nd2+ 40.
Kg4 Nc4 41. Rb8+ Kf7 42. Ng3 Bd6 43. Rb7+ Kg8 44. Ne4 Be5 45. Nf6+ Bxf6 46.
gxf6 Ra6 47. Rc7 Nd6 48. Rg7+ Kh8 49. Rd7 1-0

[Event "International Championship of Central S"]
[Site "Paracin, hotel "]
[Date "2016.07.07"]
[Round "1.24"]
[White "Pregarac, Valter"]
[Black "Rabrenovic, Vladan"]
[Result "1-0"]
[WhiteElo "2135"]
[BlackElo "2369"]
[PlyCount "53"]
[EventDate "2016.07.07"]

1. d4 Nf6 2. c4 g6 3. Nc3 d5 4. Nf3 Bg7 5. Bg5 Ne4 6. Bf4 Nxc3 7. bxc3 dxc4 8.
e3 b5 9. Qb1 a6 10. a4 Bd7 11. axb5 Bxb5 12. Ne5 Nd7 13. Nxc4 c5 14. Nd6+ exd6
15. Bxb5 O-O 16. Bxa6 cxd4 17. cxd4 Nc5 18. Be2 Ne6 19. Bg3 Rxa1 20. Qxa1 Re8
21. Qa4 Re7 22. Kd2 h5 23. Rb1 Ng5 24. Bd3 Ne4+ 25. Bxe4 Rxe4 26. Qa6 Qg5 27.
Qa8+ 1-0

[Event "International Championship of Central S"]
[Site "Paracin, hotel "]
[Date "2016.07.07"]
[Round "1.25"]
[White "Radovanovic, Mihajlo"]
[Black "Maksimovic, Bojan"]
[Result "1-0"]
[WhiteElo "2362"]
[BlackElo "2131"]
[PlyCount "69"]
[EventDate "2016.07.07"]

1. d4 Nf6 2. c4 c5 3. Nf3 cxd4 4. Nxd4 e5 5. Nb5 d5 6. cxd5 Bc5 7. N5c3 O-O 8.
g3 Bf5 9. Bg2 e4 10. O-O Re8 11. Bg5 Nbd7 12. Nd2 h6 13. Bxf6 Nxf6 14. e3 Rc8
15. Qb3 Qe7 16. Rac1 Red8 17. Rc2 Bb4 18. Ndb1 Rd7 19. a3 Ba5 20. Qa4 Bb6 21.
Nd2 Re8 22. Ndxe4 Bxe4 23. Nxe4 Nxd5 24. Rd1 Red8 25. Rcd2 f5 26. Rxd5 Rxd5 27.
Rxd5 Rxd5 28. Nf6+ Qxf6 29. Qe8+ Kh7 30. Bxd5 Qd8 31. Qf7 Qf6 32. Qg8+ Kg6 33.
Qe8+ Kg5 34. h4+ Kg4 35. Kg2 1-0